| 000 | 00729cam a22002413a 4500 | ||
|---|---|---|---|
| 001 | 25184 | ||
| 003 | PGUSA | ||
| 005 | 20140828083536.0 | ||
| 008 | 080426s2008||||xxu|||||s|||||000 | eng d | ||
| 040 |
_aPGUSA _beng |
||
| 042 | _adc | ||
| 050 | 4 | _aRC | |
| 100 | 1 |
_aMcAllister, A. _q(Alvan) |
|
| 245 | 1 | 2 |
_aA Dissertation on the Medical Properties and Injurious Effects of the Habitual Use of Tobacco _h[electronic resource] / _cA. McAllister |
| 260 |
_bProject Gutenberg, _c2008 |
||
| 506 | _aPublic domain in the USA. | ||
| 516 | _aElectronic text | ||
| 653 | _aTobacco use | ||
| 700 | 1 |
_aStuart, Moses, _d1780-1852 |
|
| 830 | 0 |
_aProject Gutenberg _v25184 |
|
| 856 | 4 | 0 | _uhttp://www.gutenberg.org/ebooks/25184 |
| 942 | _cEB | ||
| 999 |
_c254439 _d254439 |
||